| 000 | 00797nam a2200253 i 4500 | ||
|---|---|---|---|
| 001 | 13706 | ||
| 003 | ES-MaACL | ||
| 005 | 20230906150639.0 | ||
| 007 | t| | ||
| 008 | 980602s1988 sp ||||1| spa d | ||
| 020 | _a0-674-47490-2 | ||
| 080 | _a933.14 | ||
| 080 | _a930.85(=924):930.85(38) | ||
| 100 | 1 |
_aBickerman, Elias J. _928780 |
|
| 245 | 1 | 4 |
_aThe jews in the Greek age / _cElias J. Bickerman. |
| 260 |
_aCambridge, Massachusetts : _bHarvard University Press, _c[1988] |
||
| 300 |
_aXII, 338 p. ; _c24 cm. |
||
| 500 | _aÍndices. | ||
| 504 | _aBibliografía : p. 313-327. | ||
| 650 | 4 |
_aJudíos- _xHistoria- _yHasta 70 d.C. _913997 |
|
| 650 | 4 |
_aJudaísmo- _vHistoria- _y586 a.C.-210 d.C., Período postexílico. _9173634 |
|
| 650 | 4 |
_aHelenismo. _913298 |
|
| 852 |
_aES-MaACL _jL-21052 |
||
| 999 |
_c13706 _d13706 |
||